Shaping places : urban planning, design, and development /

Bibliographic Details
Main Author: Adams, David
Corporate Author: ebrary, Inc
Other Authors: Tiesdell, Steven
Format: eBook
Language:English
Published: New York : Routledge, 2013.
Subjects:
Online Access:Connect to the full text of this electronic book

MARC

Tag First Indicator Second Indicator Subfields
LEADER 00000cam a2200000 a 4500
001 in00002783788
006 m o d
007 cr cn|||||||||
008 120203s2013 nyua ob 001 0 eng d
005 20250816204345.8
010 |z  2012003739 
020 |z 9780415497978 (pb alk. paper) 
020 |z 9780415497961 
020 |z 9780203105665 (e-book) 
035 |a (CaPaEBR)ebr10596188 
035 |a (OCoLC)811411888 
040 |a CaPaEBR  |c CaPaEBR  |d UtOrBLW 
050 1 4 |a HT371  |b .A33 2013eb 
082 0 4 |a 307.76  |2 23 
100 1 |a Adams, David. 
245 1 0 |a Shaping places :  |b urban planning, design, and development /  |c David Adams and Steve Tiesdell. 
264 1 |a New York :  |b Routledge,  |c 2013. 
300 |a 1 online resource (xxiii, 341 pages) :  |b color illustrations 
336 |a text  |b txt  |2 rdacontent 
337 |a computer  |b c  |2 rdamedia 
338 |a online resource  |b cr  |2 rdacarrier 
504 |a Includes bibliographical references and index. 
505 0 |a The development context -- Introduction -- Successful places -- Real estate markets -- Real estate values and the state -- Real estate development -- The governance of place -- Market roles and actors -- Real estate developers -- Landowners -- Funders and investors -- Policy instruments -- Market shaping -- Shaping markets by strategic transformation -- Market regulation -- Market stimulus -- Capacity-building -- Conclusions. 
500 |a Electronic resource. 
650 0 |a Cities and towns  |x Growth. 
650 0 |a Real estate development. 
655 7 |a Electronic books.  |2 local 
700 1 |a Tiesdell, Steven. 
710 2 |a ebrary, Inc. 
856 4 0 |u https://ebookcentral.proquest.com/lib/tamucs/detail.action?docID=1016169  |y Connect to the full text of this electronic book  |t 0 
980 |a 121120  |b 165  |c USD  |e 165  |f YBP_EBR0000047227  |g 1 
999 f f |s 65e42161-3c14-3f7a-8796-72eb7e2439cb  |i e9c12e6e-9658-380d-82ed-2d73d72c0da8  |t 0 
999 |a MARS 
952 f f |a Texas A&M University  |b College Station  |c Electronic Resources  |d Available Online  |t 0  |e HT371 .A33 2013eb  |h Library of Congress classification 
998 f f |a HT371 .A33 2013eb  |t 0  |l Available Online